| 000 | 01147nam a2200361 c 4500 | ||
|---|---|---|---|
| 001 | 45890 | ||
| 003 | ES-MaCES | ||
| 005 | 20150929135611.0 | ||
| 008 | 150505s2015 sp 000 | spa d | ||
| 017 |
_aB 6445-2015 _bDL |
||
| 020 | _a9788492724536 | ||
| 040 |
_aES-MaCES _bspa _cES-MaCES |
||
| 245 | 1 | 0 |
_aCapitalismo en recesión _b: la crisis en el centro y la periferia de la economía mundial _cJuan Pablo Mateo (coord.) |
| 260 |
_aMadrid _bMaia _c[2015] |
||
| 300 |
_a220 p. _bgráf. bl. y n. _c17 cm |
||
| 490 | 1 | _aClaves para comprender la economía | |
| 504 | _aBibliografía | ||
| 541 | _cCompra | ||
| 650 | 4 |
_acapitalismo _927116 |
|
| 650 | 4 |
_ateoría económica _927076 |
|
| 650 | 4 |
_acrisis económica _927102 |
|
| 650 | 4 |
_apérdida financiera _928136 |
|
| 650 | 4 |
_aEstados Unidos _928373 |
|
| 650 | 4 |
_aChina _926909 |
|
| 650 | 4 |
_aAmérica Latina _926882 |
|
| 650 | 4 |
_aanálisis económico _927070 |
|
| 653 | 1 | 0 | _aCondiciones económicas |
| 650 | 4 |
_926752 _aUE |
|
| 700 | 1 |
_aMateo, Juan Pablo _ecol. _918132 |
|
| 830 | 0 |
_935696 _aClaves para comprender la economía |
|
| 902 | _aLIB Libro | ||
| 942 |
_2CES _cBK _h0.0. |
||
| 999 |
_c45890 _d45890 |
||